000
00288nam a2200121Ia 4500
008
191201s2006 xx 000 0 und d
100
_a
GILLS, R.V.
245
0
_a
Fluid Mechanics and Hydraulics
260
_a
N. Delhi
_b
TMH
_c
2006
300
_a
378
650
_a
B.Tech(CE)
942
_2
ddc
_c
BK
999
_c
6530
_d
6530